| 000 | 00863nam a22002297a 4500 | ||
|---|---|---|---|
| 999 |
_c6799 _d6799 |
||
| 003 | AR-CdUCM | ||
| 008 | 190319b ||||| |||| 00| 0 spa d | ||
| 020 | _a84-205-0450-5 | ||
| 040 |
_aMUNICIPALIDAD PROVINCIAL DEL CUSCO _cBIBLIOTECA MUNICIPAL DEL CUSCO |
||
| 041 | _heng | ||
| 082 |
_a510 / _bM22 |
||
| 100 |
_aMansfield, M. J. _919149 |
||
| 245 | _aIntroducción a la Topología / | ||
| 260 |
_aEspaña : _bAlhambra ; _c1974. |
||
| 300 |
_a136 páginas ; _bFórmulas _c20cm |
||
| 440 |
_aColección Exedra - Ciencia Técnica Ingeniería _n99 _919150 |
||
| 505 | _aContenido: Conceptos preliminares -- Topologías y espacios topológicos -- Funciones, aplicaciones y homeomorfismos -- Espacios conexos -- Espacios compactos... | ||
| 650 |
_aMatemáticas _99398 |
||
| 700 |
_aLópez-Lago, A. (traducción) _919151 |
||
| 942 |
_2ddc _cLIBROS |
||
| 945 | _anom | ||